Statistiken für Gemeinden des Kantons Luzern

Klicken Sie hier um das Quiz zu spielen!

Allgemein

  • Dieses Quiz wurde 1.302 mal gespielt
  • Das Durchschnittsergebnis liegt bei 45 aus 80

Antworten auf der Karte

Die Antworten werden auf der Karte rot bzw. grün angezeigt, abhängig davon wie oft sie richtig erraten wurden.
 

Antwortstatistiken

EinwohnerGemeinde% Korrekt
82'257Luzern
99%
27'847Kriens
90%
10'195Sursee
90%
31'043Emmen
89%
4'208Sempach
89%
14'243Horw
84%
3'280Entlebuch
82%
8'970Willisau
81%
13'849Ebikon
80%
9'884Hochdorf
78%
7'436Meggen
75%
3'965Nottwil
74%
4'317Weggis
74%
7'432Malters
72%
7'678Rothenburg
72%
1'402Vitznau
72%
6'624Beromünster
69%
5'126Root
68%
5'858Hitzkirch
67%
7'186Reiden
66%
5'608Dagmersellen
65%
4'351Escholzmatt-Marbach
65%
4'308Wolhusen
65%
5'460Adligenswil
64%
7'163Neuenkirch
64%
4'206Schüpfheim
64%
7'046Ruswil
60%
6'361Buchrain
59%
3'627Eschenbach
59%
2'294Udligenswil
59%
1'630Eich
58%
1'905Hergiswil bei Willisau
58%
2'710Ballwil
57%
2'641Inwil
56%
2'695Nebikon
56%
1'929Flühli
55%
1'412Gisikon
55%
2'831Rain
54%
1'736Hasle
53%
2'343Hildisrieden
53%
4'794Oberkirch
53%
1'165Greppen
52%
3'024Schenkon
52%
4'530Schötz
52%
4'640Triengen
52%
2'559Büron
51%
1'788Römerswil
51%
1'726Schwarzenberg
51%
2'097Zell
51%
2'403Hohenrain
50%
2'275Knutwil
49%
1'259Aesch
48%
3'398Rickenbach
48%
1'520Wikon
48%
1'012Altbüron
47%
2'874Geuensee
47%
3'333Buttisholz
46%
1'460Mauensee
46%
2'261Wauwil
46%
1'484Dierikon
45%
1'451Meierskappel
45%
2'665Pfaffnau
45%
659Romoos
45%
1'030Schongau
45%
401Honau
44%
2'888Menznau
44%
2'730Ettiswil
43%
1'238Luthern
43%
2'180Werthenstein
43%
989Ermensee
42%
700Fischbach
42%
3'249Grosswangen
42%
789Doppleschwand
38%
854Grossdietwil
36%
1'959Altishofen
35%
698Roggliswil
35%
888Ufhusen
34%
659Alberswil
33%
921Schlierbach
32%
1'514Egolzwil
31%

Verteilung der Resultate

Perzentil nach korrekt beantworteten Fragen

Anzahl Personen mit jedem Resultat

Ihre Resultats-Entwicklung

Sie haben dieses Quiz noch nicht gespielt